Ergodic theory : proceedings of an international symposium held at Tulane University, New Orleans, Louisiana, October 1961 /
Guardado en:
| Autores Corporativos: | , , |
|---|---|
| Otros Autores: | |
| Formato: | Libro |
| Idioma: | English |
| Publicado: |
New York :
Academic Press,
1963.
|
| Materias: | |
| Etiquetas: |
Agregar Etiqueta
Sin Etiquetas, Sea el primero en etiquetar este registro!
|
| LEADER | 00985nam a22002415a 4500 | ||
|---|---|---|---|
| 001 | MAT.inmabb005147 | ||
| 008 | 840807s1963####nyu######b####101#0#eng## | ||
| 005 | 20170823154945.0 | ||
| 245 | 0 | 0 | |a Ergodic theory : |b proceedings of an international symposium held at Tulane University, New Orleans, Louisiana, October 1961 / |c edited by Fred B. Wright. |
| 260 | |a New York : |b Academic Press, |c 1963. | ||
| 300 | |a xii, 316 p. ; |c 24 cm. | ||
| 500 | |a "Sponsored by the National Science Foundation."--Editor's note. | ||
| 504 | |a Incluye referencias bibliográficas e índice de autores. | ||
| 510 | 4 | |a MR, |c 28 #2188 | |
| 111 | 2 | |a Symposium on Ergodic Theory |d (1961 : |c New Orleans, La.) | |
| 700 | 1 | |a Wright, Fred B. |q (Fred Boyer), |d 1925- |4 edt | |
| 710 | 2 | |a Tulane University. | |
| 710 | 2 | |a National Science Foundation (U.S.) | |
| 084 | |a 28.70 |2 MR | ||
| 650 | 0 | |a Ergodic theory |x Congresses. | |
| 010 | |a 63021410 | ||
| 040 | |a DLC/ICU |c ICU |d DLC | ||
| 859 | |h 28 |i Sy989-1961 |p A-2762 |b BIB. MATEMATICA | ||
